Datum a čas kvízu
41.5
Celkem bodů
Celkový počet nahraných bodů na tomto kvízu bez doplňovacích otázek.
6.
Pořadí na kvízu
Konečné umístění týmu na tomto kvízu.
Zaznamenané odpovědi
| # | Otázka | Odpověď | Body | Výsledky |
|---|---|---|---|---|
| 1. | Vyšla nová kniha jabloneckého... | Štěpán Kučera | 1 | |
| 2. | Jak se jmenuje osobnost roku 2... | Volodymyr Zelenskij | 1 | |
| 3. | Ve středu zahájil novou sezónu... | uvedení ruské opery | 1 | |
| 4. | Po 66 letech skončila nejstarš... | TOTO | 1 | |
| 5. | Jakým skóre skončil penaltový... | 3:0 | 1 | |
| 6. | V tomto tématu si vždy vyberet... | Taškent / Baku | 1 | |
| 7. | Pokračujeme sportem. ZA BOD: K... | Svatý Mořic / Barcelona | 1 | |
| 8. | ZA BOD: Jak se jmenuje středně... | impala / komodský | 0 | |
| 9. | ZA BOD: Ke které značce odkazu... | Perwoll / Flora | 0 | |
| 10. | ZA BOD: Kdo režíroval film Leo... | Luc Besson / Robert Zemeckis | 0 |